|
|
|
|
| LEADER |
02399nam a2200613 i 4500 |
| 001 |
nkc20223393252 |
| 003 |
CZ PrNK |
| 005 |
20220405115433.0 |
| 007 |
ta |
| 008 |
220127s2021 xr ach e 000 0ccze |
| 015 |
|
|
|a cnb003393252
|
| 020 |
|
|
|a 978-80-86619-75-0
|q (vázáno)
|
| 035 |
|
|
|a (OCoLC)1310112890
|
| 040 |
|
|
|a BOA001
|b cze
|d ABA001
|e rda
|
| 043 |
|
|
|a e-xr---
|b e-xr-pa
|2 czenas
|
| 045 |
|
|
|a w-x-
|
| 072 |
|
7 |
|a 677
|x Textilní průmysl
|2 Konspekt
|9 19
|
| 072 |
|
7 |
|a 929
|x Biografie
|2 Konspekt
|9 8
|
| 080 |
|
|
|a 658.114-051
|2 MRF
|
| 080 |
|
|
|a 658.114-055.2
|2 MRF
|
| 080 |
|
|
|a 677
|2 MRF
|
| 080 |
|
|
|a 338.45(091)
|2 MRF
|
| 080 |
|
|
|a 929
|2 MRF
|
| 080 |
|
|
|a (437.314)
|2 MRF
|
| 080 |
|
|
|a (092)
|2 MRF
|
| 100 |
1 |
|
|a Havel, Josef,
|d 1937-2023
|7 jn20000400901
|4 aut
|
| 245 |
1 |
0 |
|a Rod Janderů v textilním průmyslu /
|c Josef Havel, Ludmila Havlová
|
| 264 |
|
1 |
|a Ústí nad Orlicí :
|b Grantis, s.r.o. ve spolupráci s městem Ústí nad Orlicí,
|c 2021
|
| 300 |
|
|
|a 193 stran :
|b ilustrace, portréty, faksimile, genealogické tabulky ;
|c 24 cm
|
| 336 |
|
|
|a text
|b txt
|2 rdacontent
|
| 337 |
|
|
|a bez média
|b n
|2 rdamedia
|
| 338 |
|
|
|a svazek
|b nc
|2 rdacarrier
|
| 504 |
|
|
|a Obsahuje bibliografii
|
| 600 |
3 |
7 |
|a Janderovi (rodina)
|7 mzk20221144550
|2 czenas
|
| 648 |
|
7 |
|a 19.-20. století
|7 ch757015
|2 czenas
|
| 650 |
0 |
7 |
|a podnikatelé
|7 ph124163
|z Česko
|y 19.-20. století
|2 czenas
|
| 650 |
0 |
7 |
|a podnikatelky
|7 ph115869
|z Česko
|y 19.-20. století
|2 czenas
|
| 650 |
0 |
7 |
|a textilní průmysl
|7 ph116446
|z Česko
|y 19.-20. století
|2 czenas
|
| 650 |
0 |
7 |
|a dějiny průmyslu
|7 ph488969
|z Česko
|y 19.-20. století
|2 czenas
|
| 650 |
0 |
9 |
|a businessmen
|z Czechia
|y 19th-20th centuries
|2 eczenas
|
| 650 |
0 |
9 |
|a businesswomen
|z Czechia
|y 19th-20th centuries
|2 eczenas
|
| 650 |
0 |
9 |
|a textile industry
|z Czechia
|y 19th-20th centuries
|2 eczenas
|
| 650 |
0 |
9 |
|a history of industry
|z Czechia
|y 19th-20th centuries
|2 eczenas
|
| 651 |
|
7 |
|a Ústí nad Orlicí (Česko)
|7 ge131768
|2 czenas
|
| 651 |
|
9 |
|a Ústí nad Orlicí (Czechia)
|2 eczenas
|
| 655 |
|
7 |
|a biografie
|7 fd131909
|2 czenas
|
| 655 |
|
9 |
|a biography
|2 eczenas
|
| 700 |
1 |
|
|a Havlová, Ludmila,
|d 1945-
|7 mzk20221140549
|4 aut
|
| 910 |
2 |
|
|a BOA001
|b 2-1481.598
|
| 928 |
9 |
|
|a Město Ústí nad Orlicí
|
| 990 |
|
|
|a BK
|
| 995 |
|
|
|a 01
|
| 991 |
|
|
|b 202203
|c NOV
|
| 996 |
6 |
|
|b 2610893849
|c 2-1481.598
|l MZK
|r Sklad / do 1 hodiny
|n 0
|p p.v.
|w 001877915
|u 000010
|a 1
|e BOA001
|j MZK50
|s P
|